Estudio y comprensión de la sociedad 5º: guía didáctica para el profesor

Guardado en:
Detalles Bibliográficos
Autores principales: Raposo Quintana, Paula (Autor), Barrita Gallego, Magdalena (Autor)
Formato: Libro
Lenguaje:español
Publicado: Santiago Norma 2005
Edición:1a. ed
Materias:
Etiquetas: Agregar Etiqueta
Sin Etiquetas, Sea el primero en etiquetar este registro!

MARC

LEADER 00000nam a2200000 a 4500
001 UCK9644
003 CL-VaPUC
008 060519e20050000CL |||||||||||||||||spa|d
020 |a 9563000501 
082 0 4 |a 372.83  |b RAP  |2 21 
100 0 |a Raposo Quintana, Paula  |e author  |9 499432 
700 0 |a Barrita Gallego, Magdalena  |e author  |9 499433 
245 1 0 |a Estudio y comprensión de la sociedad 5º: guía didáctica para el profesor 
250 |a 1a. ed 
300 |a 80 p 
942 |c BK 
945 |d 20060519 00:00:00  |a cmena 
260 |a Santiago  |b Norma  |c 2005 
650 0 |a Educación básica   |9 224933 
650 0 |a Enseñanza de la historia   |9 307330 
650 0 |a Enseñanza de la geografía  |9 310005 
650 0 |a Libros de texto  |9 270019 
650 0 |a Métodos de enseñanza  |9 270413 
583 |a last modification  |c 20180314 11:21:40  |k Rodrigo Vera 
999 |c 316727  |d 316725 
952 |0 0  |1 0  |4 0  |6 372_830000000000000_RAP_2005  |7 0  |8 A  |9 391581  |a BIBHIS  |b BIBHIS  |d 2019-11-22  |i 4233719  |o 372.83 RAP 2005  |p 4233719  |r 2025-01-20  |w 2019-11-22  |y BK  |k HIS 
952 |0 0  |1 0  |4 0  |6 372_830000000000000_RAP_2005  |7 0  |8 A  |9 391582  |a BIBHIS  |b BIBHIS  |d 2019-11-22  |i 4233727  |o 372.83 RAP 2005  |p 4233727  |r 2025-01-20  |w 2019-11-22  |y BK  |k HIS 
952 |0 0  |1 0  |4 0  |6 372_830000000000000_RAP_2005  |7 0  |8 A  |9 391583  |a BIBHIS  |b BIBHIS  |d 2019-11-22  |i 4233735  |o 372.83 RAP 2005  |p 4233735  |r 2025-01-20  |w 2019-11-22  |y BK  |k HIS 
952 |0 0  |1 0  |4 0  |6 372_830000000000000_RAP_2005  |7 0  |8 A  |9 391584  |a BIBHIS  |b BIBHIS  |d 2019-11-22  |i 4233743  |o 372.83 RAP 2005  |p 4233743  |r 2025-01-20  |w 2019-11-22  |y BK  |k HIS 
952 |0 0  |1 0  |4 0  |6 372_830000000000000_RAP_2005  |7 0  |8 A  |9 391585  |a BIBHIS  |b BIBHIS  |d 2019-11-22  |i 4233751  |o 372.83 RAP 2005  |p 4233751  |r 2025-01-20  |w 2019-11-22  |y BK  |k HIS 
952 |0 0  |1 0  |4 0  |6 372_830000000000000_RAP_2005  |7 0  |8 P  |9 391586  |a BIBEDU  |b BIBEDU  |d 2019-11-22  |i 4250478  |o 372.83 RAP 2005  |p 4250478  |r 2019-11-22  |w 2019-11-22  |y BK  |k EBA 
952 |0 0  |1 0  |4 0  |6 372_830000000000000_RAP_2005  |7 0  |8 P  |9 391587  |a BIBEDU  |b BIBEDU  |d 2019-11-22  |i 4250486  |o 372.83 RAP 2005  |p 4250486  |r 2019-11-22  |w 2019-11-22  |y BK  |k EBA 
952 |0 0  |1 0  |4 0  |6 372_830000000000000_RAP_2005  |7 0  |8 P  |9 391588  |a BIBEDU  |b BIBEDU  |d 2019-11-22  |i 4250494  |o 372.83 RAP 2005  |p 4250494  |r 2019-11-22  |w 2019-11-22  |y BK  |k EBA 
952 |0 0  |1 0  |4 0  |6 372_830000000000000_RAP_2005  |7 0  |8 P  |9 391589  |a BIBEDU  |b BIBEDU  |d 2019-11-22  |i 4250508  |o 372.83 RAP 2005  |p 4250508  |r 2019-11-22  |w 2019-11-22  |y BK  |k EBA